00765nam a2200205 4500003001100000008004100011040003900052041000800091082001700099111008100116245007500197260006300272300002700335650003700362650002500399700002100424942000700445952009200452999001500544LK-CoMWRAF231119b1981 |||||||| |||| 00| 0 eng d aLK-CoMWRAFdLK-CoMWRAFeLK-CoMWRAF aeng a297.197bISL aSYMPOSIUM OF THE ISLAMIC-CHRISTIAN DIALOGUEc(Tripoli, d1-5 February, 1976) aDocuments and researches of Seminary of the Islamic-Christian Dialogue aJamahiriya:bPopular office of Foreign Relations, c[1981] a 346 p. : ill. ; 25 cm aChristianity and other religions aInterfaith relations aShahaati, Ahmad  cCP 00104070aMAINbMAINd2023-11-19l0o297.197 ISLpRAF3070r2023-11-19w2023-11-19yCP c4158d4158